000 00351nam a2200133Ia 4500
008 240624s9999 xx 000 0 und d
041 _aeng
082 _a658.56 PIN
100 _aPINE B JOSEPH
245 _aEXPERIENCE ECONOMY
260 _c2011
_aNew Delhi
_bHarvard Business Review Press
300 _axxvii, : 359 : p. : cm. ; 20
365 _cRS
_b38
999 _c28242
_d28242